| 000 | 00412nam a22001577a 4500 | ||
|---|---|---|---|
| 999 |
_c60985 _d60985 |
||
| 005 | 20201124141335.0 | ||
| 008 | 201124b ||||| |||| 00| 0 eng d | ||
| 020 | _a978-3-939960-04-1 | ||
| 040 |
_cSTAFF _dSTAFF |
||
| 100 |
_93 _aScholze, Herta |
||
| 245 |
_aDiagnose Krebs _cHerta Scholze |
||
| 260 |
_aFrankfurt (Oder) _c[2007] |
||
| 300 | _a53 Seiten | ||
| 942 |
_2z _cBK |
||